| 000 | 00549nam a22001817a 4500 | ||
|---|---|---|---|
| 003 | NUST | ||
| 038 | _aNusrat Nadeem | ||
| 040 | _cCentral Library | ||
| 082 | _aBEE-5 | ||
| 100 |
_aZohaib Hassan,Sarmad Majeed Malik,Muhammad Asad Iqbal _991909 |
||
| 245 | _aOver-Speeding Detection and Reporting System | ||
| 260 |
_aIslamabad _bNUST SEECS _c2012 |
||
| 300 |
_a70,pages, _bHB, _c25,cm. |
||
| 563 | _aHB | ||
| 700 |
_aSupervisor : Dr .Tauseef Tauqeer _991883 |
||
| 856 | _u http://10.250.8.41:8080/xmlui/handle/123456789/10831 | ||
| 942 |
_2ddc _cTHE |
||
| 999 |
_c590026 _d590026 |
||